Szymborska La grande poesia

-д хадгалсан:
Номзүйн дэлгэрэнгүй
Үндсэн зохиолч: Maurizio Cucchi
Формат: Ном
Хэл сонгох:Тодорхойгүй
Хэвлэсэн: La Republica
Шошгууд: Шошго нэмэх
Шошго байхгүй, Энэхүү баримтыг шошголох эхний хүн болох!

MARC

LEADER 00000nam a2200000Ia 4500
001 R-149
003 CODICE-MESSINA
005 20260212102447.0
008 260211s9999 xx 000 0 und d
040 |c importazione_messina 
100 |a Maurizio Cucchi 
245 0 |a Szymborska 
245 0 |b La grande poesia 
260 |b La Republica 
942 |2 ddc  |c BK 
952 |0 0  |1 0  |2 ddc  |4 0  |6 SCAFFALE_2_000000000000000__ARTE  |7 0  |9 30970  |a ME  |b ME  |d 2026-02-11  |l 0  |o SCAFFALE 2 - ARTE  |p R-149  |r 2026-02-11 23:52:15  |w 2026-02-11  |x [REVISIONARE]  |y BK 
999 |c 26632  |d 26632